000 00284nam a22001337a 4500
008 170216b xxu||||| |||| 00| 0 eng d
020 _a9780192614261
041 _aeng
080 _23 ED
_a61
100 _a4
101 _aSHM
245 _aICHPPC 2 DEFINED
_cHOFMAN
942 _2udc
_cBK
999 _c5660
_d5660